[Event "181st open MGU"]
[Site "Sofia"]
[Date "2017.02.11"]
[Round "1.2"]
[White "Taushanov, Stojan"]
[Black "Ivanov, Oleg M"]
[Result "0-1"]
[WhiteElo "1774"]
[BlackElo "1594"]
[PlyCount "60"]
[EventDate "2017.02.11"]
[EventType "swiss"]
[EventRounds "6"]
[EventCountry "BUL"]

1. c4 e5 2. Nc3 d6 3. g3 f5 4. d3 Nf6 5. Bg5 Be7 6. e3 Nbd7 7. Bg2 h6 8. Bxf6
Nxf6 9. Nge2 O-O 10. O-O c6 11. a4 Be6 12. b3 Qd7 13. d4 Rad8 14. d5 Bf7 15.
Qd2 c5 16. e4 Bg6 17. exf5 Bxf5 18. f4 e4 19. Nd1 Ng4 20. Ne3 Nxe3 21. Qxe3 Bf6
22. Rae1 Rde8 23. Kh1 Re7 24. b4 b6 25. a5 Qa4 26. axb6 axb6 27. bxc5 bxc5 28.
Rc1 Rb8 29. Nc3 Qxc4 30. Nxe4 Rxe4 0-1

[Event "181st open MGU"]
[Site "Sofia"]
[Date "2017.02.11"]
[Round "1.3"]
[White "Mladenov, Andrey"]
[Black "Ignatov, Bojidar"]
[Result "1/2-1/2"]
[WhiteElo "1553"]
[BlackElo "1761"]
[PlyCount "87"]
[EventDate "2017.02.11"]
[EventType "swiss"]
[EventRounds "6"]
[EventCountry "BUL"]

1. e4 c5 2. Nf3 d6 3. d4 cxd4 4. Nxd4 Nf6 5. Nc3 a6 6. Bc4 e6 7. Bb3 Be7 8. O-O
O-O 9. f4 Nbd7 10. f5 Nc5 11. fxe6 fxe6 12. Be3 Nxb3 13. axb3 Bd7 14. Nde2 Qc7
15. Ng3 Bc6 16. Nh5 Nxh5 17. Qxh5 Rxf1+ 18. Rxf1 Rf8 19. Qg4 Rxf1+ 20. Kxf1 Qd7
21. Bd4 Bf8 22. h4 b5 23. b4 Qf7+ 24. Qf3 Be7 25. Qxf7+ Kxf7 26. g3 g5 27. h5
Bf6 28. Bxf6 Kxf6 29. Ke2 g4 30. Ke3 Kg5 31. Ne2 e5 32. Nc1 Kxh5 33. Nb3 Kg5
34. Na5 Ba8 35. c4 bxc4 36. Nxc4 d5 37. exd5 Bxd5 38. Nxe5 h5 39. Nd3 Bc4 40.
Ne5 Bf1 41. Nf7+ Kf6 42. Nd6 Ke5 43. Ne4 Kf5 44. Nd6+ 1/2-1/2

[Event "181st open MGU"]
[Site "Sofia"]
[Date "2017.02.11"]
[Round "1.4"]
[White "Punchev, Ivan"]
[Black "Ilieva, Ralitsa"]
[Result "1/2-1/2"]
[WhiteElo "1736"]
[BlackElo "1469"]
[PlyCount "73"]
[EventDate "2017.02.11"]
[EventType "swiss"]
[EventRounds "6"]
[EventCountry "BUL"]

1. d4 Nf6 2. e3 g6 3. Bd3 Bg7 4. f4 O-O 5. Nf3 d6 6. O-O b6 7. e4 Bb7 8. Nbd2
c5 9. d5 Nbd7 10. c4 Qc7 11. Ng5 h6 12. Ne6 fxe6 13. dxe6 Nb8 14. Re1 Nc6 15.
Nf3 Nh5 16. f5 gxf5 17. exf5 Nf6 18. Bf4 Ng4 19. h3 Nge5 20. Nxe5 Nxe5 21. Re3
Nxd3 22. Rg3 Nxf4 23. Qg4 Ne2+ 24. Qxe2 Rxf5 25. h4 Kh8 26. Qg4 Bd4+ 27. Kh1
Be5 28. Qxf5 Bxg3 29. Rf1 Qc6 30. Rf3 Bxh4 31. Qg4 Qa4 32. Qxh4 Qd1+ 33. Kh2
Qd2 34. Qxe7 Bxf3 35. Qf6+ Kg8 36. Qf7+ Kh8 37. Qf6+ 1/2-1/2

[Event "181st open MGU"]
[Site "Sofia"]
[Date "2017.02.11"]
[Round "1.5"]
[White "Anavi, David"]
[Black "Babatov, Martin"]
[Result "1/2-1/2"]
[WhiteElo "1461"]
[BlackElo "1723"]
[PlyCount "70"]
[EventDate "2017.02.11"]
[EventType "swiss"]
[EventRounds "6"]
[EventCountry "BUL"]

1. e4 c6 2. d4 d5 3. exd5 cxd5 4. c4 Nf6 5. Nc3 Nc6 6. cxd5 Nxd5 7. Nf3 Bg4 8.
Be2 e6 9. h3 Bxf3 10. Bxf3 Bb4 11. Qd3 Qf6 12. Bxd5 exd5 13. Be3 Qg6 14. Qxg6
hxg6 15. Ke2 Bxc3 16. bxc3 Na5 17. Rab1 a6 18. Rb6 Rc8 19. Kd3 Kd7 20. Bf4 Rc6
21. Rhb1 Rhc8 22. Rxc6 Rxc6 23. a4 Rf6 24. Bg3 Kc6 25. f3 Re6 26. Bf4 Nc4 27.
Ra1 g5 28. Bd2 Nxd2 29. Kxd2 f5 30. Rb1 g4 31. hxg4 fxg4 32. fxg4 Rg6 33. Ke3
Rxg4 34. Kf3 Re4 35. a5 Re7 1/2-1/2

[Event "181st open MGU"]
[Site "Sofia"]
[Date "2017.02.11"]
[Round "1.6"]
[White "Kostov, Nikolay"]
[Black "Mavrodiev, Slav"]
[Result "1/2-1/2"]
[WhiteElo "1694"]
[BlackElo "1397"]
[PlyCount "43"]
[EventDate "2017.02.11"]
[EventType "swiss"]
[EventRounds "6"]
[EventCountry "BUL"]

1. d4 d5 2. e3 Nf6 3. Bd3 e6 4. f4 c5 5. c3 c4 6. Bc2 h5 7. Nf3 Nc6 8. O-O Be7
9. h3 O-O 10. Ne5 h4 11. b3 cxb3 12. axb3 Nxe5 13. fxe5 Ne4 14. Bxe4 dxe4 15.
Nd2 Qd5 16. Qc2 f5 17. exf6 Rxf6 18. Rxf6 Bxf6 19. Qxe4 Qxe4 20. Nxe4 Be7 21.
Ba3 Kf7 22. Rf1+ 1/2-1/2

[Event "181st open MGU"]
[Site "Sofia"]
[Date "2017.02.11"]
[Round "2.2"]
[White "Ivanov, Oleg M"]
[Black "Punchev, Ivan"]
[Result "1-0"]
[WhiteElo "1594"]
[BlackElo "1736"]
[PlyCount "63"]
[EventDate "2017.02.11"]
[EventType "swiss"]
[EventRounds "6"]
[EventCountry "BUL"]

1. d4 d5 2. e4 dxe4 3. Nc3 f5 4. f3 Nf6 5. Bf4 h6 6. Bc4 a6 7. fxe4 g6 8. Nf3
fxe4 9. Ne5 e6 10. Nxg6 Rh7 11. O-O Bd6 12. Ne5 b5 13. Be2 Qe7 14. Bh5+ Kd8 15.
Bg6 Bb7 16. Bxh7 Qxh7 17. Qe1 Ke8 18. Qh4 Ng8 19. Bg5 Bxe5 20. dxe5 Bc6 21. Be3
Nd7 22. Bd4 b4 23. Be3 bxc3 24. bxc3 Rb8 25. Bd4 Rb2 26. Qh5+ Kd8 27. Rf7 Qh8
28. Qh4+ Kc8 29. Qg4 h5 30. Qxe6 Kb7 31. c4 Rxc2 32. Rb1+ 1-0

[Event "181st open MGU"]
[Site "Sofia"]
[Date "2017.02.11"]
[Round "2.3"]
[White "Ignatov, Bojidar"]
[Black "Anavi, David"]
[Result "1/2-1/2"]
[WhiteElo "1761"]
[BlackElo "1461"]
[PlyCount "48"]
[EventDate "2017.02.11"]
[EventType "swiss"]
[EventRounds "6"]
[EventCountry "BUL"]

1. d4 Nf6 2. c4 e6 3. Nc3 Bb4 4. Qc2 O-O 5. e3 d5 6. Nf3 c5 7. dxc5 Nbd7 8. a3
Bxc3+ 9. Qxc3 Nxc5 10. Be2 b6 11. b4 Nce4 12. Qb3 Bb7 13. Bb2 dxc4 14. Bxc4 Rc8
15. O-O Nd6 16. Be2 Bd5 17. Qa4 Nc4 18. Bxc4 Bxc4 19. Rfd1 Qe7 20. Ne5 Bd5 21.
f3 Rfd8 22. Rac1 Ba8 23. e4 h6 24. Rxc8 Rxc8 1/2-1/2

[Event "181st open MGU"]
[Site "Sofia"]
[Date "2017.02.11"]
[Round "2.4"]
[White "Babatov, Martin"]
[Black "Grabchev, Plamen"]
[Result "1-0"]
[WhiteElo "1723"]
[BlackElo "1378"]
[PlyCount "111"]
[EventDate "2017.02.11"]
[EventType "swiss"]
[EventRounds "6"]
[EventCountry "BUL"]

1. d4 Nf6 2. c4 e6 3. Bf4 b6 4. e3 Bb7 5. Nf3 Bb4+ 6. Nc3 Nh5 7. Bg3 Nxg3 8.
hxg3 Bxf3 9. Qxf3 c6 10. a3 Bxc3+ 11. bxc3 Qf6 12. Qxf6 gxf6 13. Bd3 h6 14.
O-O-O a6 15. Rh4 b5 16. Rdh1 bxc4 17. Bxc4 d5 18. Bd3 Nd7 19. Rxh6 Rxh6 20.
Rxh6 Ke7 21. c4 a5 22. c5 f5 23. Be2 Nf6 24. Bf3 Rb8 25. Kc2 a4 26. Rh1 Kf8 27.
Rb1 Rxb1 28. Kxb1 Ke8 29. Kc2 Kd7 30. Kc3 Kc7 31. Kb4 Kb8 32. Kxa4 Ka8 33. Ka5
Kb7 34. a4 Ka7 35. Kb4 Kb8 36. Kc3 Ka7 37. a5 Ng4 38. Bxg4 fxg4 39. f3 f5 40.
Kb4 Kb7 41. Kc3 Ka6 42. Kd3 Kxa5 43. e4 dxe4+ 44. fxe4 Kb4 45. Ke3 Kc4 46. d5
Kxc5 47. dxc6 Kxc6 48. exf5 exf5 49. Kf4 Kd6 50. Kxf5 Ke7 51. Kxg4 Kf7 52. Kf5
Kg7 53. g4 Kf7 54. g5 Kg7 55. g6 Kf8 56. Kf6 1-0

[Event "181st open MGU"]
[Site "Sofia"]
[Date "2017.02.11"]
[Round "2.5"]
[White "Ilieva, Ralitsa"]
[Black "Kostov, Nikolay"]
[Result "1-0"]
[WhiteElo "1469"]
[BlackElo "1694"]
[PlyCount "77"]
[EventDate "2017.02.11"]
[EventType "swiss"]
[EventRounds "6"]
[EventCountry "BUL"]

1. d4 Nf6 2. Nf3 e6 3. c4 d5 4. Nc3 Bb4 5. Bg5 h6 6. Bh4 Nbd7 7. e3 Bxc3+ 8.
bxc3 c6 9. cxd5 cxd5 10. Bd3 Qa5 11. Qc2 b6 12. O-O Ba6 13. Rfc1 Bxd3 14. Qxd3
b5 15. Qc2 Rc8 16. a4 Ne4 17. axb5 Qb6 18. Qb3 Nd6 19. Rcb1 g5 20. Bg3 Ne4 21.
Ra6 Qb7 22. Rc1 O-O 23. Be5 Nxe5 24. Nxe5 Nd2 25. Qa2 Qxb5 26. Rxa7 Nc4 27. Rb1
Qe8 28. Nd7 Kg7 29. Nxf8 Qxf8 30. Rbb7 Nd6 31. Rb3 Rb8 32. h3 Rxb3 33. Qxb3 Nc4
34. Qa4 Qd8 35. Qc6 Qf6 36. Ra8 Qe7 37. Qc8 e5 38. Qh8+ Kg6 39. Rg8+ 1-0

[Event "181st open MGU"]
[Site "Sofia"]
[Date "2017.02.11"]
[Round "2.6"]
[White "Karaivanova, Petya"]
[Black "Mladenov, Andrey"]
[Result "1-0"]
[WhiteElo "1429"]
[BlackElo "1553"]
[PlyCount "33"]
[EventDate "2017.02.11"]
[EventType "swiss"]
[EventRounds "6"]
[EventCountry "BUL"]

1. e4 c5 2. Nf3 Nc6 3. d4 cxd4 4. Nxd4 Nf6 5. Nc3 e5 6. Nf3 Bb4 7. Bg5 Bxc3+ 8.
bxc3 O-O 9. Bd3 h6 10. Bh4 g5 11. Nxg5 hxg5 12. Bxg5 Kg7 13. Qf3 Rg8 14. h4 d6
15. h5 Qe7 16. h6+ Kg6 17. h7 1-0

[Event "181st open MGU"]
[Site "Sofia"]
[Date "2017.02.11"]
[Round "2.7"]
[White "Mavrodiev, Slav"]
[Black "Taushanov, Stojan"]
[Result "0-1"]
[WhiteElo "1397"]
[BlackElo "1774"]
[PlyCount "92"]
[EventDate "2017.02.11"]
[EventType "swiss"]
[EventRounds "6"]
[EventCountry "BUL"]

1. e4 c5 2. d4 cxd4 3. Qxd4 Nc6 4. Qd1 Nf6 5. Nc3 a6 6. Nf3 d6 7. h3 e5 8. Be2
Be7 9. O-O Be6 10. Ng5 O-O 11. Nxe6 fxe6 12. Bf3 Nd4 13. Be3 Nxf3+ 14. Qxf3 Qd7
15. Rfd1 b5 16. a3 Nd5 17. Qg3 Nxc3 18. bxc3 Qc6 19. Bh6 Bf6 20. Qg4 Rfe8 21.
Rd3 Kh8 22. Be3 d5 23. exd5 exd5 24. Bd2 Rac8 25. Ra2 Red8 26. Bg5 Bxg5 27.
Qxg5 Qf6 28. Qxf6 gxf6 29. f3 Kg7 30. Kf2 Kf7 31. Ke3 Rc4 32. Kd2 h5 33. Ke2
Ke6 34. g4 hxg4 35. hxg4 Rh8 36. Kf2 Rh2+ 37. Kf1 Rh1+ 38. Kg2 Re1 39. Kf2 Rc1
40. Ke3 Rh1 41. Kf2 e4 42. fxe4 dxe4 43. Re3 Ke5 44. Kg2 Rd1 45. Kg3 Rg1+ 46.
Kf2 Rxg4 0-1

[Event "181st open MGU"]
[Site "Sofia"]
[Date "2017.02.11"]
[Round "3.3"]
[White "Sharkov, Venko"]
[Black "Karaivanova, Petya"]
[Result "1/2-1/2"]
[WhiteElo "1675"]
[BlackElo "1429"]
[PlyCount "68"]
[EventDate "2017.02.11"]
[EventType "swiss"]
[EventRounds "6"]
[EventCountry "BUL"]

1. Nf3 d5 2. d4 Nf6 3. c4 c6 4. Nc3 e6 5. Bg5 h6 6. Bh4 Bd6 7. Qc2 Nbd7 8. e4
dxe4 9. Nxe4 Bb4+ 10. Ned2 Qa5 11. Bd3 c5 12. O-O Bxd2 13. Nxd2 cxd4 14. Nb3
Qh5 15. Bxf6 Nxf6 16. Nxd4 O-O 17. Rad1 b6 18. Be2 Qg5 19. Bf3 Rb8 20. Qa4 Bb7
21. Qxa7 Bxf3 22. Nxf3 Qc5 23. Qa4 Ra8 24. Qb3 Rfd8 25. a3 Ne4 26. Qc2 Nd6 27.
Nd2 b5 28. Nb3 Qxc4 29. Rc1 Qxc2 30. Rxc2 Nc4 31. Rfc1 Rd5 32. Kf1 Rad8 33. Ke2
Re5+ 34. Kf1 Red5 1/2-1/2

[Event "181st open MGU"]
[Site "Sofia"]
[Date "2017.02.11"]
[Round "3.4"]
[White "Taushanov, Stojan"]
[Black "Anavi, David"]
[Result "1-0"]
[WhiteElo "1774"]
[BlackElo "1461"]
[PlyCount "51"]
[EventDate "2017.02.11"]
[EventType "swiss"]
[EventRounds "6"]
[EventCountry "BUL"]

1. c4 Nf6 2. Nc3 e6 3. g3 d5 4. d4 Be7 5. Bg2 O-O 6. b3 b6 7. cxd5 exd5 8. Nf3
Bb7 9. O-O Nbd7 10. Bf4 c5 11. Rc1 Rc8 12. Nb5 Nh5 13. Nd6 Nxf4 14. Nxc8 Nxe2+
15. Qxe2 Bxc8 16. Rfe1 Bf6 17. Rcd1 cxd4 18. Nxd4 Bb7 19. Nf5 Bc3 20. Rf1 Nc5
21. Qc2 Qf6 22. Bxd5 Ba6 23. Bc4 Bxc4 24. bxc4 Be5 25. Rfe1 g6 26. Nh6+ 1-0

[Event "181st open MGU"]
[Site "Sofia"]
[Date "2017.02.11"]
[Round "3.5"]
[White "Georgiev, Nikolay Zh"]
[Black "Ignatov, Bojidar"]
[Result "1-0"]
[WhiteElo "1644"]
[BlackElo "1761"]
[PlyCount "81"]
[EventDate "2017.02.11"]
[EventType "swiss"]
[EventRounds "6"]
[EventCountry "BUL"]

1. e4 e5 2. Nc3 Nc6 3. Bc4 Bc5 4. Qg4 g6 5. Qf3 f6 6. Nge2 d6 7. d3 Na5 8. Bb5+
c6 9. Ba4 Qe7 10. O-O b5 11. Bb3 Nxb3 12. axb3 h5 13. Be3 Bxe3 14. Qxe3 g5 15.
d4 Nh6 16. d5 b4 17. Na4 c5 18. Nb6 Rb8 19. Nxc8 Rxc8 20. Qd3 O-O 21. Ra6 Rc7
22. Rfa1 Rb8 23. Rc6 Rbb7 24. Rxc7 Rxc7 25. Qb5 h4 26. Ra6 f5 27. exf5 Nxf5 28.
Qd3 e4 29. Qh3 Qe5 30. c3 Rg7 31. Qg4 Qxd5 32. Ra1 Qe5 33. g3 d5 34. Qh3 d4 35.
cxd4 cxd4 36. Qf1 d3 37. Nc1 Rf7 38. Qe1 Nd4 39. Qxb4 Nc2 40. Qa5 Nxa1 41. Qxe5
1-0

[Event "181st open MGU"]
[Site "Sofia"]
[Date "2017.02.11"]
[Round "3.7"]
[White "Kostov, Nikolay"]
[Black "Grabchev, Plamen"]
[Result "1-0"]
[WhiteElo "1694"]
[BlackElo "1378"]
[PlyCount "53"]
[EventDate "2017.02.11"]
[EventType "swiss"]
[EventRounds "6"]
[EventCountry "BUL"]

1. d4 e6 2. e3 b6 3. Bd3 Bb7 4. f3 Nf6 5. Nh3 h6 6. O-O d5 7. Nd2 Bd6 8. f4 Ba6
9. Nf3 c6 10. c3 Bxd3 11. Qxd3 b5 12. Ne5 Bxe5 13. dxe5 Ne4 14. b4 a5 15. Nf2
Nxf2 16. Rxf2 a4 17. f5 Qe7 18. f6 Qf8 19. e4 g6 20. exd5 exd5 21. e6 Ra7 22.
Be3 Rb7 23. Bc5 Qg8 24. exf7+ Qxf7 25. Re1+ Kd8 26. Re7 Re8 27. Rxf7 1-0

[Event "181st open MGU"]
[Site "Sofia"]
[Date "2017.02.12"]
[Round "4.2"]
[White "Sharkov, Venko"]
[Black "Ilieva, Ralitsa"]
[Result "1-0"]
[WhiteElo "1675"]
[BlackElo "1469"]
[PlyCount "71"]
[EventDate "2017.02.11"]
[EventType "swiss"]
[EventRounds "6"]
[EventCountry "BUL"]

1. d4 Nf6 2. c4 c5 3. d5 b5 4. cxb5 a6 5. bxa6 Bxa6 6. Nc3 d6 7. e4 Bxf1 8.
Kxf1 g6 9. Nf3 Bg7 10. g3 O-O 11. Kg2 Nbd7 12. Qe2 Qb6 13. Re1 Rfb8 14. Nd2 Qb4
15. a3 Qb6 16. Nc4 Qb3 17. a4 Nb6 18. Nxb6 Rxb6 19. Ra3 Qb4 20. e5 Nd7 21. e6
Ne5 22. f4 Nc4 23. exf7+ Kxf7 24. Na2 Qa5 25. Qe6+ Kf8 26. Rf3 Qxa4 27. f5 g5
28. Bxg5 Rxb2+ 29. Kh3 Be5 30. Bh6+ Ke8 31. f6 Bxf6 32. Rxf6 Rxh2+ 33. Kxh2
Qxa2+ 34. Kh3 Kd8 35. Qxe7+ Kc8 36. Rf8# 1-0

[Event "181st open MGU"]
[Site "Sofia"]
[Date "2017.02.12"]
[Round "4.3"]
[White "Ivanov, Oleg M"]
[Black "Georgiev, Nikolay Zh"]
[Result "0-1"]
[WhiteElo "1594"]
[BlackElo "1644"]
[PlyCount "94"]
[EventDate "2017.02.11"]
[EventType "swiss"]
[EventRounds "6"]
[EventCountry "BUL"]

1. d4 d5 2. Nf3 Nf6 3. Bg5 Bf5 4. Bxf6 exf6 5. e3 c6 6. Nh4 Be4 7. Nd2 f5 8.
Nxe4 fxe4 9. g3 g6 10. Bh3 Na6 11. c3 h5 12. O-O Be7 13. Ng2 g5 14. Ne1 g4 15.
Bg2 Nc7 16. Qb3 Qc8 17. c4 f5 18. f4 exf3 19. Nxf3 gxf3 20. Rxf3 dxc4 21. Qxc4
Qe6 22. Qd3 Nd5 23. Bh3 Kd8 24. Bxf5 Qd6 25. e4 Nb6 26. Rd1 Kc7 27. e5 Qd5 28.
b3 Raf8 29. Rdf1 Kb8 30. Rf4 h4 31. g4 Bg5 32. Be4 Qd8 33. Rxf8 Rxf8 34. Rxf8
Qxf8 35. h3 Qf4 36. Kg2 Qd2+ 37. Qxd2 Bxd2 38. e6 Kc7 39. Kf3 Kd6 40. Ke2 Bg5
41. Bf5 Nd5 42. a4 Nf4+ 43. Kf1 Nxh3 44. a5 Nf4 45. Kg1 Nxe6 46. b4 Nxd4 47.
Bc8 b6 0-1

[Event "181st open MGU"]
[Site "Sofia"]
[Date "2017.02.12"]
[Round "4.4"]
[White "Kostov, Nikolay"]
[Black "Taushanov, Stojan"]
[Result "1/2-1/2"]
[WhiteElo "1694"]
[BlackElo "1774"]
[PlyCount "58"]
[EventDate "2017.02.11"]
[EventType "swiss"]
[EventRounds "6"]
[EventCountry "BUL"]

1. d4 d5 2. e3 Bf5 3. Bd3 e6 4. f4 Nd7 5. Nf3 Ngf6 6. O-O Ne4 7. c4 c6 8. Nc3
Ndf6 9. Ne5 Be7 10. cxd5 Nxc3 11. bxc3 Bxd3 12. Qxd3 exd5 13. Rb1 Qc7 14. c4
O-O 15. cxd5 cxd5 16. Ba3 Bxa3 17. Qxa3 b6 18. Rfc1 Qb7 19. Rc6 h5 20. Rbc1
Rac8 21. Qb3 Qa6 22. h3 Rxc6 23. Nxc6 Re8 24. Ne5 Rc8 25. Rxc8+ Qxc8 26. Kh2
Qc4 27. Nf3 Qc8 28. Qa3 a5 29. Qe7 Qe8 1/2-1/2

[Event "181st open MGU"]
[Site "Sofia"]
[Date "2017.02.12"]
[Round "4.6"]
[White "Anavi, David"]
[Black "Mladenov, Andrey"]
[Result "1-0"]
[WhiteElo "1461"]
[BlackElo "1553"]
[PlyCount "71"]
[EventDate "2017.02.11"]
[EventType "swiss"]
[EventRounds "6"]
[EventCountry "BUL"]

1. e4 c5 2. c3 Nf6 3. e5 Nd5 4. d4 cxd4 5. cxd4 d6 6. Bc4 e6 7. Nf3 Be7 8. O-O
O-O 9. Bxd5 exd5 10. Nc3 Be6 11. Re1 Nc6 12. Bf4 dxe5 13. dxe5 d4 14. Nb5 Bc5
15. Rc1 Bb6 16. a3 Qd5 17. Nd6 Bg4 18. h3 Bxf3 19. Qxf3 Qxf3 20. gxf3 Rab8 21.
b4 a6 22. Red1 f6 23. e6 Bd8 24. Nf5 g6 25. Bxb8 gxf5 26. Bd6 Re8 27. Bc5 Rxe6
28. Bxd4 Bc7 29. Be3 Be5 30. Rd7 b5 31. Kh1 Ne7 32. Rg1+ Kf7 33. Bc5 Bb2 34.
Bxe7 Rxe7 35. Rg7+ Kxg7 36. Rxe7+ 1-0

[Event "181st open MGU"]
[Site "Sofia"]
[Date "2017.02.12"]
[Round "4.7"]
[White "Ignatov, Bojidar"]
[Black "Punchev, Ivan"]
[Result "1-0"]
[WhiteElo "1761"]
[BlackElo "1736"]
[PlyCount "63"]
[EventDate "2017.02.11"]
[EventType "swiss"]
[EventRounds "6"]
[EventCountry "BUL"]

1. d4 d5 2. c4 e6 3. Nc3 c6 4. e4 Bd6 5. e5 Bc7 6. f4 Qh4+ 7. g3 Qd8 8. Qg4 Ne7
9. Qxg7 Rg8 10. Qxh7 dxc4 11. Nf3 Ba5 12. Bxc4 b5 13. Bb3 Nd7 14. O-O Nf8 15.
Qc2 Bb7 16. Ne4 Kd7 17. Nf6+ Kc7 18. Nxg8 Nxg8 19. f5 Rc8 20. Be3 Kb8 21. Ng5
Bb6 22. Nxf7 Qd7 23. Nd6 c5 24. dxc5 Ba8 25. fxe6 Nxe6 26. Nxc8 Qc6 27. Nxb6
axb6 28. cxb6 Qh1+ 29. Kf2 Qxh2+ 30. Ke1 Qxg3+ 31. Qf2 Qxe5 32. Bxe6 1-0

[Event "181st open MGU"]
[Site "Sofia"]
[Date "2017.02.12"]
[Round "5.1"]
[White "Georgiev, Nikolay Zh"]
[Black "Sharkov, Venko"]
[Result "0-1"]
[WhiteElo "1644"]
[BlackElo "1675"]
[PlyCount "78"]
[EventDate "2017.02.11"]
[EventType "swiss"]
[EventRounds "6"]
[EventCountry "BUL"]

1. e4 g6 2. d4 Bg7 3. Nc3 d6 4. Be2 a6 5. Nf3 b5 6. a3 Nd7 7. O-O Bb7 8. Re1 c5
9. Bf1 cxd4 10. Nxd4 Ngf6 11. Nb3 O-O 12. Nd5 Nxd5 13. exd5 Nb6 14. Na5 Bxd5
15. Bg5 Re8 16. c3 h6 17. Bh4 Qc7 18. Qc2 Nd7 19. Nb3 Ne5 20. Rad1 Be6 21. Nc1
Bf5 22. Nd3 Qc4 23. Bg3 Nxd3 24. Bxd3 Bxd3 25. Qxd3 Qxd3 26. Rxd3 Bf6 27. a4
Rab8 28. a5 Rec8 29. Re4 Rc4 30. f3 Rbc8 31. Rxc4 Rxc4 32. Bf2 b4 33. Bd4 Kg7
34. Kf2 bxc3 35. Bxf6+ Kxf6 36. Rxc3 Rxc3 37. bxc3 Ke5 38. Ke3 Kd5 39. Kd3 Kc5
0-1

[Event "181st open MGU"]
[Site "Sofia"]
[Date "2017.02.12"]
[Round "5.3"]
[White "Taushanov, Stojan"]
[Black "Karaivanova, Petya"]
[Result "1-0"]
[WhiteElo "1774"]
[BlackElo "1429"]
[PlyCount "67"]
[EventDate "2017.02.11"]
[EventType "swiss"]
[EventRounds "6"]
[EventCountry "BUL"]

1. d4 d5 2. e3 Nf6 3. Bd3 e6 4. b3 Bd6 5. Nd2 Nbd7 6. Bb2 c6 7. c4 Qc7 8. f4
Be7 9. Ngf3 dxc4 10. bxc4 c5 11. O-O b6 12. Ne5 Bb7 13. f5 Nxe5 14. dxe5 Qc6
15. Qe2 Nd7 16. Be4 Qc7 17. fxe6 fxe6 18. Qh5+ Kd8 19. Qg4 Bxe4 20. Nxe4 Nf8
21. Rad1+ Kc8 22. Nd6+ Kb8 23. Qxg7 Ng6 24. Rf7 Qd8 25. Rff1 Qc7 26. Qf7 Qc6
27. Qxe6 Bg5 28. e4 Nf4 29. Qf5 h6 30. Rxf4 Bxf4 31. Qxf4 Kc7 32. Qf7+ Qd7 33.
Nb5+ Kb7 34. Rxd7+ 1-0

[Event "181st open MGU"]
[Site "Sofia"]
[Date "2017.02.12"]
[Round "5.4"]
[White "Ilieva, Ralitsa"]
[Black "Ignatov, Bojidar"]
[Result "0-1"]
[WhiteElo "1469"]
[BlackElo "1761"]
[PlyCount "76"]
[EventDate "2017.02.11"]
[EventType "swiss"]
[EventRounds "6"]
[EventCountry "BUL"]

1. d4 Nf6 2. Nf3 d5 3. c4 e6 4. Nc3 Be7 5. Bg5 O-O 6. e3 h6 7. Bh4 Ne4 8. Bxe7
Qxe7 9. Nxe4 dxe4 10. Ne5 Nd7 11. Nxd7 Bxd7 12. Be2 f5 13. O-O Rf6 14. d5 Kh7
15. Qd4 e5 16. Qc3 f4 17. exf4 exf4 18. Rfe1 Qf7 19. Qd4 Qg6 20. f3 exf3 21.
Bxf3 Kh8 22. Re7 Bg4 23. Bxg4 Qxg4 24. Rxc7 Re8 25. Rf1 Rg6 26. g3 Re2 27. Qxf4
Qh5 28. Rf2 Rf6 29. Qh4 Qxh4 30. gxh4 Rexf2 31. Rxb7 Rc2 32. Rc7 Rxb2 33. c5
Rf5 34. d6 Rd5 35. Rf7 Rxc5 36. d7 Rc1+ 37. Rf1 Rxf1+ 38. Kxf1 Rd2 0-1

[Event "181st open MGU"]
[Site "Sofia"]
[Date "2017.02.12"]
[Round "5.5"]
[White "Ivanov, Oleg M"]
[Black "Kostov, Nikolay"]
[Result "1-0"]
[WhiteElo "1594"]
[BlackElo "1694"]
[PlyCount "83"]
[EventDate "2017.02.11"]
[EventType "swiss"]
[EventRounds "6"]
[EventCountry "BUL"]

1. a3 e5 2. c4 a5 3. Nc3 Nf6 4. g3 c6 5. Bg2 Be7 6. Nf3 d6 7. O-O O-O 8. e4 Na6
9. d4 exd4 10. Nxd4 Nc5 11. Qc2 a4 12. Bf4 Re8 13. Rfe1 Bf8 14. Bg5 h6 15. Bf4
Be6 16. Nxe6 Rxe6 17. Rad1 Qc7 18. Be3 Qa5 19. Bxc5 dxc5 20. e5 Nh7 21. Bh3
Ree8 22. f4 Rad8 23. Bf5 g6 24. Bd7 Re7 25. e6 f5 26. g4 Qc7 27. gxf5 Qxf4 28.
Rf1 Qe3+ 29. Kh1 Bg7 30. Rde1 Qh3 31. Ne4 gxf5 32. Nxc5 Rf8 33. Nd3 Ng5 34. Nf4
Qg4 35. Ng6 Rxd7 36. Nxf8 Re7 37. Ng6 Re8 38. Rxf5 Rxe6 39. Rxe6 Nxe6 40. Ne7+
Kh8 41. Rf7 Qh4 42. Ng6+ 1-0

[Event "181st open MGU"]
[Site "Sofia"]
[Date "2017.02.12"]
[Round "5.7"]
[White "Grabchev, Plamen"]
[Black "Mladenov, Andrey"]
[Result "0-1"]
[WhiteElo "1378"]
[BlackElo "1553"]
[PlyCount "62"]
[EventDate "2017.02.11"]
[EventType "swiss"]
[EventRounds "6"]
[EventCountry "BUL"]

1. d4 d5 2. b3 Nf6 3. Bg5 e6 4. e3 Be7 5. Bxf6 Bxf6 6. Nf3 O-O 7. Bd3 Nd7 8. c3
c5 9. Qc2 g6 10. h4 e5 11. dxe5 Nxe5 12. Nbd2 Nxf3+ 13. Nxf3 Qa5 14. O-O-O Qxc3
15. Ng5 Qxc2+ 16. Kxc2 b6 17. f4 Bg4 18. Rdf1 Rfe8 19. e4 dxe4 20. Nxe4 Bg7 21.
Re1 Rad8 22. Nf2 Bd7 23. g4 Bc6 24. Be4 Bxe4+ 25. Rxe4 Rxe4 26. Nxe4 Rd4 27.
Re1 f5 28. gxf5 gxf5 29. Ng5 Rd8 30. Re7 Bf6 31. Rxh7 Bxg5 0-1

[Event "181st open MGU"]
[Site "Sofia"]
[Date "2017.02.12"]
[Round "6.1"]
[White "Sharkov, Venko"]
[Black "Taushanov, Stojan"]
[Result "1-0"]
[WhiteElo "1675"]
[BlackElo "1774"]
[PlyCount "35"]
[EventDate "2017.02.11"]
[EventType "swiss"]
[EventRounds "6"]
[EventCountry "BUL"]

1. Nf3 Nf6 2. c4 g6 3. Nc3 c5 4. d4 cxd4 5. Nxd4 Nc6 6. e4 d6 7. Be2 Bg7 8. Be3
Kf8 9. Qd2 h5 10. f3 Qa5 11. O-O Bd7 12. Rac1 Kg8 13. Nb3 Qd8 14. Rfd1 Kh7 15.
c5 dxc5 16. Nxc5 Bc8 17. Qc2 Qe8 18. Nb5 1-0

[Event "181st open MGU"]
[Site "Sofia"]
[Date "2017.02.12"]
[Round "6.3"]
[White "Ignatov, Bojidar"]
[Black "Ivanov, Oleg M"]
[Result "1/2-1/2"]
[WhiteElo "1761"]
[BlackElo "1594"]
[PlyCount "54"]
[EventDate "2017.02.11"]
[EventType "swiss"]
[EventRounds "6"]
[EventCountry "BUL"]

1. d4 Nf6 2. c4 e5 3. dxe5 Ng4 4. Nf3 Bc5 5. e3 Nc6 6. Qd5 Qe7 7. Bd2 Ngxe5 8.
Nxe5 Nxe5 9. Be2 d6 10. Bc3 O-O 11. Nd2 Bd7 12. Nf3 Bc6 13. Qd2 a6 14. O-O-O b5
15. b4 Bb6 16. Nd4 Bxd4 17. Qxd4 f6 18. e4 Qf7 19. f3 Bd7 20. c5 Be6 21. cxd6
cxd6 22. Kd2 Bxa2 23. Ke3 Rfd8 24. Kf2 Rac8 25. Qb6 Bc4 26. Rhe1 Bxe2 27. Rxe2
Qc7 1/2-1/2

[Event "181st open MGU"]
[Site "Sofia"]
[Date "2017.02.12"]
[Round "6.4"]
[White "Babatov, Martin"]
[Black "Georgiev, Nikolay Zh"]
[Result "1-0"]
[WhiteElo "1723"]
[BlackElo "1644"]
[PlyCount "55"]
[EventDate "2017.02.11"]
[EventType "swiss"]
[EventRounds "6"]
[EventCountry "BUL"]

1. d4 d5 2. c4 c6 3. cxd5 cxd5 4. Nc3 Nc6 5. Bf4 Nf6 6. h3 Qb6 7. e3 Qxb2 8.
Nb5 Qb4+ 9. Qd2 Qxd2+ 10. Kxd2 Ne4+ 11. Ke1 Kd7 12. Nc7 Rb8 13. Nxd5 Nd6 14.
Nf3 b5 15. Rb1 e6 16. Nc3 b4 17. Na4 a5 18. Nc5+ Ke8 19. Ne5 Nxe5 20. Bxe5 f6
21. Bh2 Kf7 22. Bd3 Bb7 23. f3 Bd5 24. a3 Rb6 25. Nd7 Rc6 26. Nxf8 Rxf8 27.
Bxd6 Rfc8 28. Bc5 1-0